[Event "Split op 8th"]
[Site "Split"]
[Date "2018.08.15"]
[Round "5"]
[White "Luetic, Ante"]
[Black "Adrian, Lucien"]
[Result "1-0"]
[WhiteElo "2051"]
[BlackElo "1645"]
[PlyCount "47"]
[EventDate "2018.08.12"]
[EventType "swiss"]
[EventRounds "9"]
[EventCountry "CRO"]
[SourceTitle "CBM 186 Extra"]
[Source "ChessBase"]
[SourceDate "2018.08.24"]
[SourceVersion "1"]
[SourceVersionDate "2018.08.24"]
[SourceQuality "1"]

1. c4 e6 2. Nc3 d5 3. d4 c5 4. e3 Nf6 5. Nf3 Nc6 6. Be2 Be7 7. 0-0 0-0 8. a3 a6 9. dxc5 Bxc5 10. b4 Bd6 11. cxd5 exd5 12. Qb3 Be6 13. Nd4 Qc7 14. h3 Nxd4 15. exd4 Rac8 16. Bd2 Ne4 17. Nxe4 dxe4 18. d5 Bxd5 19. Qxd5 Bh2+ 20. Kh1 Rcd8 21. Qa2 Rfe8 22. Rac1 Qd6 23. Be3 Re6 24. Rfd1 1-0

[Event "Sarajevo Bosna op 48th"]
[Site "Sarajevo"]
[Date "2018.05.06"]
[Round "3"]
[White "Luetic, Ante"]
[Black "Herega, Nejc"]
[Result "0-1"]
[WhiteElo "2087"]
[BlackElo "1600"]
[PlyCount "80"]
[EventDate "2018.05.05"]
[EventType "swiss"]
[EventRounds "9"]
[EventCountry "BIH"]
[SourceTitle "CBM 184 Extra"]
[Source "ChessBase"]
[SourceDate "2018.06.28"]
[SourceVersion "1"]
[SourceVersionDate "2018.06.28"]
[SourceQuality "1"]

1. e4 c5 2. Nc3 Nc6 3. Bb5 Nd4 4. Bd3 g6 5. Nf3 Nxf3+ 6. Qxf3 Bg7 7. 0-0 d6 8. Bc4 Nf6 9. d3 0-0 10. Bg5 Rb8 11. a4 Bd7 12. Qg3 Bc6 13. Rae1 a6 14. f4 b5 15. axb5 axb5 16. Bb3 b4 17. Ne2 d5 18. e5 Nd7 19. Qh3 Nb6 20. c3 Na4 21. Bxa4 Bxa4 22. Bh6 bxc3 23. bxc3 Bd7 24. Qh4 e6 25. Qh3 Rb2 26. Rf3 Qe7 27. Bxg7 Kxg7 28. g4 f5 29. g5 Ra8 30. d4 Bb5 31. Re3 Raa2 32. Qf3 Qa7 33. dxc5 Bxe2 34. R1xe2 Qxc5 35. Qf2 Qb5 36. Kf1 Qb3 37. Kg2 d4 38. Rxb2 Qxb2 39. Rf3 dxc3 40. Qxb2 cxb2 0-1

[Event "Zadar op-B 23rd"]
[Site "Zadar"]
[Date "2016.12.16"]
[Round "8"]
[White "Luetic, Ante"]
[Black "Ikica, Ante"]
[Result "1-0"]
[WhiteElo "2085"]
[BlackElo "1984"]
[PlyCount "113"]
[EventDate "2016.12.11"]
[EventType "swiss"]
[EventRounds "9"]
[EventCountry "CRO"]
[SourceTitle "CBM 176 Extra"]
[Source "ChessBase"]
[SourceDate "2017.03.02"]
[SourceVersion "1"]
[SourceVersionDate "2017.03.02"]
[SourceQuality "1"]

1. c4 Nf6 2. Nc3 g6 3. g3 Bg7 4. Bg2 d6 5. Nf3 c6 6. 0-0 0-0 7. d3 Na6 8. Rb1 Nc7 9. b4 d5 10. cxd5 Ncxd5 11. Bd2 Re8 12. e4 Nb6 13. Qc2 Bg4 14. a4 h6 15. a5 Nbd7 16. Ne1 Rc8 17. h3 Be6 18. f4 Nf8 19. Be3 b6 20. axb6 axb6 21. Na4 N6d7 22. Qf2 Rb8 23. Rc1 Bb3 24. Nb2 c5 25. b5 Ne6 26. e5 Nc7 27. Bc6 Rf8 28. d4 cxd4 29. Bxd4 Ne6 30. Be3 Nec5 31. Nf3 Be6 32. Kh2 Ra8 33. Rfd1 Qb8 34. Nd4 Ra7 35. Nxe6 fxe6 36. Bxc5 Nxc5 37. Qc2 Ra2 38. Ra1 Qa7 39. Qb1 Rxa1 40. Qxa1 Qxa1 41. Rxa1 g5 42. Ra8 Rxa8 43. Bxa8 h5 44. Nc4 Na4 45. h4 gxh4 46. gxh4 Kf7 47. Bc6 Bh6 48. Kg3 Kg7 49. Kf3 Kf7 50. Ke3 Kg7 51. Be8 Nc3 52. Nxb6 Kf8 53. Bc6 Nd1+ 54. Kf3 Nb2 55. Nd7+ Ke8 56. b6 Nc4 57. b7 1-0

[Event "Zadar op-B 23rd"]
[Site "Zadar"]
[Date "2016.12.14"]
[Round "6"]
[White "Luetic, Ante"]
[Black "Bozanic, Ivica"]
[Result "1/2-1/2"]
[WhiteElo "2085"]
[BlackElo "2216"]
[PlyCount "28"]
[EventDate "2016.12.11"]
[EventType "swiss"]
[EventRounds "9"]
[EventCountry "CRO"]
[SourceTitle "CBM 176 Extra"]
[Source "ChessBase"]
[SourceDate "2017.03.02"]
[SourceVersion "1"]
[SourceVersionDate "2017.03.02"]
[SourceQuality "1"]

1. c4 f5 2. Nc3 Nf6 3. g3 d6 4. Bg2 e5 5. d3 g6 6. e4 Nc6 7. Nge2 Bg7 8. 0-0 0-0 9. Nd5 Nd4 10. Nxd4 exd4 11. Bg5 c6 12. Nxf6+ Bxf6 13. Bh6 Rf7 14. f4 Be6 1/2-1/2

[Event "Sarajevo Bosna op 45th"]
[Site "Sarajevo"]
[Date "2015.05.31"]
[Round "2"]
[White "Vujicic, Dragisa"]
[Black "Luetic, Ante"]
[Result "1-0"]
[WhiteElo "1866"]
[BlackElo "2035"]
[PlyCount "107"]
[EventDate "2015.05.30"]
[EventType "swiss"]
[EventRounds "9"]
[EventCountry "BIH"]
[SourceTitle "CBM 166 Extra"]
[Source "ChessBase"]
[SourceDate "2015.06.18"]
[SourceVersion "1"]
[SourceVersionDate "2015.06.18"]
[SourceQuality "1"]

1. e4 c6 2. d4 d5 3. e5 c5 4. c3 Nc6 5. Nf3 Bg4 6. dxc5 e6 7. Be3 Nge7 8. Nbd2 Qc7 9. Qa4 h5 10. b4 Ng6 11. Bb5 Bxf3 12. Nxf3 Be7 13. 0-0 0-0 14. Bxc6 bxc6 15. Bd4 a5 16. Qc2 axb4 17. cxb4 Ra3 18. Bb2 Ra7 19. Rfe1 Rfa8 20. a3 Rb7 21. Qe2 Kf8 22. g3 h4 23. Kg2 Ke8 24. Bc3 Rba7 25. Qb2 Rb8 26. Qc2 Rba8 27. Bb2 Qc8 28. Qd3 Rb8 29. Bd4 Kd7 30. Reb1 Ra4 31. Bb2 Ke8 32. Qd4 Qa6 33. gxh4 Qd3 34. h5 Qxd4 35. Bxd4 Nf4+ 36. Kf1 Nxh5 37. Ke2 f6 38. Ke3 Rba8 39. Bb2 fxe5 40. Nxe5 Bg5+ 41. Kf3 Bf6 42. Kg4 Bxe5 43. Bxe5 Nf6+ 44. Bxf6 gxf6 45. Rb3 e5 46. Kf5 Kf7 47. Rh3 Rxb4 48. axb4 Rxa1 49. Rh7+ Kg8 50. Rc7 Ra2 51. Kxf6 Rxf2+ 52. Kxe5 Re2+ 53. Kd6 d4 54. Kxc6 1-0

[Event "Sarajevo Bosna op 45th"]
[Site "Sarajevo"]
[Date "2015.05.30"]
[Round "1"]
[White "Luetic, Ante"]
[Black "Heberla, Bartlomiej"]
[Result "0-1"]
[WhiteElo "2035"]
[BlackElo "2556"]
[PlyCount "88"]
[EventDate "2015.05.30"]
[EventType "swiss"]
[EventRounds "9"]
[EventCountry "BIH"]
[SourceTitle "CBM 166 Extra"]
[Source "ChessBase"]
[SourceDate "2015.06.18"]
[SourceVersion "1"]
[SourceVersionDate "2015.06.18"]
[SourceQuality "1"]

1. c4 e5 2. Nc3 Bb4 3. Nf3 Bxc3 4. bxc3 d6 5. g3 f5 6. d3 Nc6 7. Bg2 Nf6 8. Bg5 0-0 9. 0-0 Qe8 10. Bxf6 Rxf6 11. e3 b6 12. Nd2 Bb7 13. Re1 Nd8 14. Bd5+ Kh8 15. Nb3 c6 16. Bg2 d5 17. cxd5 cxd5 18. a4 Rc8 19. Qd2 a5 20. Qb2 Qh5 21. Rac1 Rh6 22. h4 Qe8 23. Nd2 Ne6 24. d4 e4 25. Bf1 f4 26. exf4 Nxf4 27. c4 Qg6 28. cxd5 Re8 29. Qa3 Bxd5 30. Nc4 Bxc4 31. Rxc4 Rxh4 32. Bg2 Nxg2 33. Kxg2 Rh6 34. Rh1 Rxh1 35. Kxh1 e3 36. fxe3 Qxg3 37. Rc2 h6 38. Qc1 Kg8 39. Rc6 Re4 40. Rc8+ Kh7 41. Qc2 Qg6 42. Qf2 Qh5+ 43. Kg2 Qg4+ 44. Kf1 Qxc8 0-1

[Event "Split op 3rd"]
[Site "Split"]
[Date "2013.08.16"]
[Round "7"]
[White "Cyfka, Karina"]
[Black "Luetic, Ante"]
[Result "1-0"]
[WhiteElo "2371"]
[BlackElo "1979"]
[PlyCount "43"]
[EventDate "2013.08.10"]
[EventType "swiss"]
[EventRounds "9"]
[EventCountry "CRO"]
[SourceTitle "EXT 2014"]
[Source "ChessBase"]
[SourceDate "2013.11.20"]
[SourceVersion "1"]
[SourceVersionDate "2013.11.20"]
[SourceQuality "1"]

1. e4 c6 2. Nc3 d5 3. Nf3 dxe4 4. Nxe4 Bf5 5. Ng3 Bg6 6. h4 h6 7. Ne5 Bh7 8. Qh5 g6 9. Qf3 Nf6 10. Qb3 Qd5 11. Qxb7 Qxe5+ 12. Ne2 Qa5 13. Rh3 e5 14. Qxa8 Bd6 15. Qb7 0-0 16. Nc3 e4 17. d4 exd3 18. Rxd3 Ne4 19. Be3 Bc5 20. 0-0-0 Na6 21. Nxe4 Rb8 22. Qxa6 1-0